000 00775nam a2200265 i 4500
001 000018677
003 DO-SdBNP
005 20251121082958.0
007 ta
008 100513s19? sp m r 000 0 spa d
040 _aDO-SdBNP
_bspa
_cBNPHU
_erda
041 _aspa
082 _axxx
_bL128t
_222
100 1 _aLacalle, Ángel
_eautor
_940334
245 1 0 _aTeoría literaria y breve historia del español :
_b5to. curso
_cÁngel Lacalle.
250 _aEdición dominicana
264 _aSanto Domingo :
_bEdiciones Saber,
_c[sin fecha]
300 _a288 paginas. ;
_c22 cm.
336 _2rdacontent
_atexto
_btxt
337 _2rdamedia
_asin mediación
_bn
338 _2rdacarrier
_avolumen
_bnc
590 _aInventariado, 2023 / DG
910 _aDG
942 _2ddc
_cLBS1
999 _c53855
_d53855